| 000 | 00724nam a22002297a 4500 | ||
|---|---|---|---|
| 005 | 20170124110034.0 | ||
| 010 | _aA-334271 | ||
| 020 | _c00.00 | ||
| 035 | _aA-334271 | ||
| 037 | _bCen Lib/Ret | ||
| 040 |
_aDPL _bEN |
||
| 082 |
_a382 _bAVA |
||
| 100 |
_aAvadhani, V. A _922250 |
||
| 245 |
_aInternational finance : _cby V. A. Avadhani _btheory and practice / |
||
| 260 |
_aBombay _bHimalaya Publishing House _c1987 |
||
| 270 |
_a"Ramdoot" Dr. Bhalerao Marg, Girgaon _bBombay _e400004 |
||
| 300 |
_axvi,327p. : _c22cm(Hb) _bill. |
||
| 500 | _aIncludes bibliography and index | ||
| 650 |
_aCommercial policy _96517 |
||
| 650 |
_aInternational economic relations _96516 |
||
| 942 |
_2ddc _cEN _h382 _mAVA |
||
| 999 |
_c128044 _d128044 |
||